<?xml version="1.0" encoding="UTF-8"?><?xml-stylesheet type="text/xsl" href="static/style.xsl"?><OAI-PMH xmlns="http://www.openarchives.org/OAI/2.0/" xmlns:xsi="http://www.w3.org/2001/XMLSchema-instance" xsi:schemaLocation="http://www.openarchives.org/OAI/2.0/ http://www.openarchives.org/OAI/2.0/OAI-PMH.xsd"><responseDate>2026-06-29T02:38:35Z</responseDate><request verb="GetRecord" identifier="oai:docta.ucm.es:20.500.14352/125215" metadataPrefix="marc">https://docta.ucm.es/rest/oai/request</request><GetRecord><record><header><identifier>oai:docta.ucm.es:20.500.14352/125215</identifier><datestamp>2025-10-22T00:13:05Z</datestamp><setSpec>com_20.500.14352_14</setSpec><setSpec>col_20.500.14352_15</setSpec></header><metadata><record xmlns="http://www.loc.gov/MARC21/slim" xmlns:dcterms="http://purl.org/dc/terms/" xmlns:xsi="http://www.w3.org/2001/XMLSchema-instance" xmlns:doc="http://www.lyncode.com/xoai" xsi:schemaLocation="http://www.loc.gov/MARC21/slim http://www.loc.gov/standards/marcxml/schema/MARC21slim.xsd">
   <leader>00925njm 22002777a 4500</leader>
   <datafield ind2=" " ind1=" " tag="042">
      <subfield code="a">dc</subfield>
   </datafield>
   <datafield ind2=" " ind1=" " tag="720">
      <subfield code="a">Gorfinkiel Haim, Nicole</subfield>
      <subfield code="e">author</subfield>
   </datafield>
   <datafield ind2=" " ind1=" " tag="720">
      <subfield code="a">Ferrer, Yanara</subfield>
      <subfield code="e">author</subfield>
   </datafield>
   <datafield ind2=" " ind1=" " tag="720">
      <subfield code="a">Recalde, Jon</subfield>
      <subfield code="e">author</subfield>
   </datafield>
   <datafield ind2=" " ind1=" " tag="720">
      <subfield code="a">Gutiérrez, Javier</subfield>
      <subfield code="e">author</subfield>
   </datafield>
   <datafield ind2=" " ind1=" " tag="720">
      <subfield code="a">Sáez, Guillermo</subfield>
      <subfield code="e">author</subfield>
   </datafield>
   <datafield ind2=" " ind1=" " tag="260">
      <subfield code="c">2025-09</subfield>
   </datafield>
   <datafield ind2=" " ind1=" " tag="520">
      <subfield code="a">The remodeling of epithelial tissues is a critical process in morphogenesis, often involving the apoptotic removal of individual cells while preserving tissue integrity. In Drosophila, the amnioserosa—a highly dynamic extra-embryonic tissue—undergoes extensive remodeling, culminating in its complete elimination at the end of dorsal closure. While apoptotic cell delaminations in the amnioserosa have been proposed to contribute to dorsal closure, the cellular mechanisms underlying this process remain poorly understood. In this study, we have investigated actomyosin dynamics during cell delaminations and analyzed the consequences of perturbing non-muscle Myosin activity globally in the entire tissue as well as locally in groups of cells. We found that Myosin plays an essential role in both triggering and executing cell delaminations, with high Myosin contractility promoting cell delamination via caspase activation. Additionally, our results suggest that cell delaminations are governed by both cell-autonomous Myosin dynamics and mechanical cues from the tissue environment. Together, these findings provide new insights into the regulation of epithelial cell removal and the complex interplay between apoptotic and mechanical signals during tissue remodeling.</subfield>
   </datafield>
   <datafield ind1="8" ind2=" " tag="024">
      <subfield code="a">Gorfinkiel, N., Ferrer, Y., Recalde, J. et al. A role for Myosin in triggering and executing amnioserosa cell delaminations during dorsal closure. Sci Rep 15, 32160 (2025). https://doi.org/10.1038/s41598-025-16032-2</subfield>
   </datafield>
   <datafield ind1="8" ind2=" " tag="024">
      <subfield code="a">10.1038/s41598-025-16032-2</subfield>
   </datafield>
   <datafield ind1="8" ind2=" " tag="024">
      <subfield code="a">https://hdl.handle.net/20.500.14352/125215</subfield>
   </datafield>
   <datafield ind1="8" ind2=" " tag="024">
      <subfield code="a">2045-2322</subfield>
   </datafield>
   <datafield ind1="8" ind2=" " tag="024">
      <subfield code="a">https://doi.org/10.1038/s41598-025-16032-2</subfield>
   </datafield>
   <datafield ind1="8" ind2=" " tag="024">
      <subfield code="a">https://www.nature.com/articles/s41598-025-16032-2#citeas</subfield>
   </datafield>
   <datafield ind2="0" ind1="0" tag="245">
      <subfield code="a">A role for Myosin in triggering and executing amnioserosa cell delaminations during dorsal closure</subfield>
   </datafield>
</record></metadata></record></GetRecord></OAI-PMH>